000
00282nam a22001097a 4500
082
_a
625.8
_b
WIL
_c
D
100
_a
Williamson, Archie
_9
44227
245
_a
Compaction and compaction techniques /
526
_a
0
_b
0
_c
0
_d
625_800000000000000_WIL
650
_a
MCE
_9
379
942
_2
ddc
_c
BK
999
_c
548056
_d
548056